Spænska Verbos glósur - Statistics

General Stats
  • This quiz has been taken 7 times
  • The average score is 10 of 30
Answer Stats
Hint Answer % Correct
Fara í sturtu Ducharse
100%
raka sig afeitarse
80%
borða kvöldmat cenar
60%
borða kvöldmat cenar
60%
elda cocinar
60%
borða comer
60%
borða comer
60%
borða morgunmat desayunar
60%
sofa dormir
60%
lesa leer
60%
lesa leer
60%
Baða sig bañarse
40%
hlusta escuchar
40%
Mála sig Maquillarse
40%
sjá ver
40%
borða hádegismat almorzar
20%
að þrífa fregar
20%
Greiða sér peinarse
20%
þurrka sér secarse
20%
geyma almacenar
0%
slökkva apagar
0%
hita upp calentar
0%
frysta congelar
0%
hvíla sig descansar
0%
vakna despertarse
0%
skemmta sér divirtirse
0%
kveikja encender
0%
undirbúa prepera
0%
setjast sentarse
0%
klæða sig vestirse
0%
No matching quizzes found
Score Distribution
Percent of People with Each Score
Percentile by Number Answered
Your Score History
You have not taken this quiz